| 000 | 00470nam a22001817a 4500 | ||
|---|---|---|---|
| 003 | CEME | ||
| 005 | 20210628203240.0 | ||
| 008 | 210203b xxu||||| |||| 00| 0 eng d | ||
| 020 | _a007060505X | ||
| 040 | _c. | ||
| 082 | _a658.562 CAV | ||
| 100 |
_aCavanagh, Roland R , Neuman, Robert P _964262 |
||
| 245 | _aWhat is design for six sigma? | ||
| 260 |
_aNEW YORK _bMCGRAW HILL _c2005 |
||
| 300 | _a87P | ||
| 650 |
_aDESIGN FOR SIX SIGMA?. _964263 |
||
| 942 |
_cBK _2ddc |
||
| 999 |
_c572816 _d572816 |
||